000 00434nam a2200181Ia 4500
001 13667
005 20260306164818.0
008 260306t1996||||xx |||||||||||||| ||spa||
041 _aESP
082 _a005.117
_bJ79
100 _aJoyanes Aguilar, Luis
_eAUT
245 0 _aProgramación orientada a objetos
260 _c1996
300 _a658 pƔginas :
_c23 cm.
650 _aGEN
654 _aCCC
942 _cLIB
_dJUS
_fJUS
_2ddc
_n
999 _c13667
_d13667